000 01373nam a22001457a 4500
999 _c529029
_d529029
008 250212b ||||| |||| 00| 0 eng d
100 _a Azam Yekta, Pourhabib and Maghbouli, Mahnaz
_950649
245 _aWeight restriction approach in a two-stage network structure: A DEA-based approach
260 _aVikalpa: The Journal for Decision Makers
300 _a49(4), Oct-Dec, 2024: p.290-301
520 _aThe standard data envelopment analysis model aimed to maximize the efficiency scores using the most favourable input/output weights. In two-stage network structures, the presence of intermediate undesirable measures leads to a distinct domain of weight restriction study. In the presence of undesirable intermediate measures and equipped with non-cooperative game theory, this study developes a joint weight restriction approach to derive a common set of weights. Concurrently, the overall efficiency of the system can be evaluated. Numerical instances of 34 OECD countries in 2012 have been presented to elucidate the details and applicability of the proposed method.- Reproduced https://journals.sagepub.com/doi/full/10.1177/02560909241295830
650 _aData envelopment analysis (DEA), Non-cooperative approach, Joint wight restriction, Two-stage network structure.
_950650
773 _aVikalpa: The Journal for Decision Makers
942 _cAR